000 00352nam a2200157Ia 4500
003 OSt
005 20240131155720.0
008 170524s9999 xx 000 0 und d
020 _a978-0415534628
040 _cIIMT UNIVERSITY
100 _aJohnston & Marshall
100 _c2010
245 0 _aSALES FOR MANAGEMENT
260 _aTMH
942 _2ddc
_c02
999 _c2509
_d2509